000 00336nam a22001457a 4500
008 230703b ||||| |||| 00| 0 eng d
020 _a9780805384464
041 _aeng
080 _2SIXTH EDITION
_a579
082 _a579TOR
100 _a15
101 _aMIRCB
245 _aMIRCROBIOLOGY AN INTRODUCTION
_cTORTORA
942 _2udc
_cBK
999 _c60080
_d60080